Sieci tramwajowe organizowane przez VBB - Statystyki

Ogólne statystyki
  • Ten quiz został rozwiązany 5 razy
  • Średni wynik to 4 z 8
Statystyki odpowiedzi
Odpowiedź % Poprawnych
Berlin
100%
Frankfurt nad Odrą
75%
Poczdam
75%
Woltersdorf
75%
Brandenburg
25%
Chociebuż
25%
Schöneiche/Rüdersdorf
25%
Strausberg
25%
Nie znaleziono quizów pasujących do podanych kryteriów
Rozkład punktacji
Procent ludzi z każdym wynikiem
Percentyl według liczby udzielonych odpowiedzi
Twoja historia wyników
Nie rozwiązałeś tego quizu